Les 20 plus grandes villes de Saône-et-Loire sur une carte - Statistiques

Statistiques générales
  • Ce quiz a été pris 115 fois
  • Le résultat moyen est 12 sur 20
Réponses sur la Carte
Les réponses sont colorées sur une échelle allant du rouge au vert en fonction du pourcentage des utilisateurs qui les ont devinées à leur premier essai. Vous pouvez retrouver ces pourcentages ci-dessous.
 
Statistiques - réponses
Commune Population % Correct
Chalon-sur-Saône 44 592
98%
Mâcon 34 759
98%
Le Creusot 20 536
88%
Montceau-les-Mines 16 946
85%
Autun 13 144
84%
Louhans 6 483
74%
Paray-le-Monial 9 256
66%
Tournus 5 702
65%
Digoin 7 380
62%
Gueugnon 6 547
54%
Montchanin 4 982
52%
Cluny 4 980
49%
Saint-Rémy 6 476
49%
Charnay-lès-Mâcon 8 154
43%
Chagny 5 402
42%
Blanzy 5 983
38%
Saint-Marcel 6 211
38%
Saint-Vallier 8 508
35%
Bourbon-Lancy 4 656
34%
Châtenoy-le-Royal 6 205
34%
Aucun quiz correspondant
Distribution des résultats
% des personnes avec chaque résultat
Percentile par nombre de réponses
Votre historique - résultats
Vous n’avez pas pris ce quiz